ARRUPE JESUIT UNIVERSITY

CORONAVIRUS -STOP THE SPREAD - CLEAN,DISINFECT,COVER

The formal distinction of Duns Scotus; (Record no. 131949)

MARC details
000 -LEADER
fixed length control field 00671cam a2200205u 4500
001 - CONTROL NUMBER
control field 9742054
003 - CONTROL NUMBER IDENTIFIER
control field ARRUPE
005 - DATE AND TIME OF LATEST TRANSACTION
control field 20241017142111.0
008 - FIXED-LENGTH DATA ELEMENTS--GENERAL INFORMATION
fixed length control field 830108s1944 dcu 000 0beng
010 ## - LIBRARY OF CONGRESS CONTROL NUMBER
LC control number a 45001673
040 ## - CATALOGING SOURCE
Original cataloging agency DLC
Transcribing agency CarP
Modifying agency DLC
050 00 - LIBRARY OF CONGRESS CALL NUMBER
Classification number B765.D74
Item number G76 1944
300 ## - PHYSICAL DESCRIPTION
Dimensions 23 cm.
100 1# - MAIN ENTRY--PERSONAL NAME
Personal name Grajewski, Maurice J.
Fuller form of name (Maurice John),
Dates associated with a name 1916-
9 (RLIN) 25360
245 14 - TITLE STATEMENT
Title The formal distinction of Duns Scotus;
260 ## - PUBLICATION, DISTRIBUTION, ETC. (IMPRINT)
Place of publication, distribution, etc Washington, D.C.,
Name of publisher, distributor, etc The Catholic university of America press,
Date of publication, distribution, etc 1944.
300 ## - PHYSICAL DESCRIPTION
Extent xv, 211 p.
600 20 - SUBJECT ADDED ENTRY--PERSONAL NAME
Personal name Duns Scotus, John,
Dates associated with a name approximately 1266-1308.
9 (RLIN) 6822
906 ## - LOCAL DATA ELEMENT F, LDF (RLIN)
a 0
b cbc
c premunv
d u
e ncip
f 19
g y-gencatlg
942 ## - ADDED ENTRY ELEMENTS (KOHA)
Source of classification or shelving scheme Library of Congress Classification
Koha item type Monograph ( Printed materials)
Holdings
Withdrawn status Lost status Source of classification or shelving scheme Damaged status Not for loan Collection code Home library Current library Shelving location Date acquired Total Checkouts Full call number Barcode Date last seen Date checked out Price effective from Koha item type
    Library of Congress Classification     Main Collection ARRUPE LIBRARY ARRUPE LIBRARY Main Collection 17/10/2024 1 B765.D74 G76 1944 46003008604 02/12/2024 17/10/2024 17/10/2024 Monograph ( Printed materials)

 

Arrupe Library. PO Box MP320 Mt Pleasant, Harare, Zimbabwe
263 242 745411|librarian@aju.ac.zw